[Event "Trinec op"]
[Site "Trinec"]
[Date "2001.12.30"]
[Round "6"]
[White "Zawadzki, Stanislaw"]
[Black "Kislov, Mikhail"]
[Result "0-1"]
[WhiteElo "2322"]
[BlackElo "2372"]
[PlyCount "144"]
[EventDate "2001.12.27"]
[EventType "swiss"]
[EventRounds "9"]
[EventCountry "CZE"]
[SourceTitle "EXT 2003"]
[Source "ChessBase"]
[SourceDate "2002.11.25"]
[SourceVersion "1"]
[SourceVersionDate "2002.11.25"]
[SourceQuality "1"]

1. e4 e6 2. d4 d5 3. Nc3 Bb4 4. e5 Ne7 5. Nf3 c5 6. a3 Bxc3+ 7. bxc3 Qa5 8. Bd2 Nbc6 9. Be2 Qa4 10. dxc5 Ng6 11. Be3 Ngxe5 12. Nxe5 Nxe5 13. 0-0 0-0 14. f4 Nc4 15. Bd4 f6 16. Rb1 Qe8 17. Bxc4 dxc4 18. Qe2 Qc6 19. Rb4 Qd5 20. Qxc4 Qxc4 21. Rxc4 Bd7 22. Rb4 Bc6 23. Be3 e5 24. fxe5 fxe5 25. Rd1 Rf6 26. Rd6 Rxd6 27. cxd6 Rd8 28. Rb1 Rxd6 29. Rf1 Bb5 30. Bc5 Rd8 31. Re1 b6 32. Be3 Rc8 33. Bd2 Rc5 34. Re4 Kf7 35. Kf2 Ke6 36. Ke3 Kf5 37. Rb4 Be8 38. h3 h5 39. Kd3 Ra5 40. Bc1 Rd5+ 41. Ke2 Rc5 42. c4 Ra5 43. Rb3 Bc6 44. Rg3 g6 45. Kd3 Be4+ 46. Kc3 Rc5 47. Kb3 Rc7 48. h4 Rd7 49. Bg5 Rd1 50. Rc3 Bxg2 51. c5 bxc5 52. Rxc5 Rd7 53. Rc8 Rb7+ 54. Kc3 Be4 55. Kd2 Rb2 56. Rc3 Rb1 57. Rc7 a6 58. Rf7+ Kg4 59. Rf6 Rb2 60. Rxa6 Rxc2+ 61. Ke3 Bf5 62. a4 Rc3+ 63. Kf2 Rf3+ 64. Ke1 Ra3 65. Kf2 Rf3+ 66. Ke1 Kg3 67. Rc6 Ra3 68. Rc4 e4 69. Bf6 Kf4 70. Kf2 Ra2+ 71. Ke1 Kf3 72. Be5 Rg2 0-1

[Event "Swidnica op-A"]
[Site "Swidnica"]
[Date "2000.??.??"]
[Round "2"]
[White "Hrabinska, Myroslava"]
[Black "Kislov, Mikhail"]
[Result "0-1"]
[WhiteElo "2090"]
[BlackElo "2370"]
[PlyCount "94"]
[EventDate "2000.07.??"]
[EventType "swiss"]
[EventRounds "10"]
[EventCountry "POL"]
[SourceTitle "EXT 2003"]
[Source "ChessBase"]
[SourceDate "2002.11.25"]
[SourceVersion "1"]
[SourceVersionDate "2002.11.25"]
[SourceQuality "1"]

1. e4 e6 2. d4 d5 3. Nd2 Nf6 4. e5 Nfd7 5. Bd3 c5 6. c3 Nc6 7. Ne2 cxd4 8. cxd4 f6 9. exf6 Nxf6 10. 0-0 Bd6 11. Nf3 0-0 12. Bg5 Qb6 13. a3 Bd7 14. b4 Rac8 15. Bh4 e5 16. Bg3 Nxd4 17. Nexd4 exd4 18. Nxd4 Ng4 19. Be2 Bxg3 20. hxg3 Ne5 21. Nb3 Qd6 22. Nc5 d4 23. f4 Nf7 24. Nxb7 Qe7 25. Bf3 Bc6 26. Nc5 Qe3+ 27. Kh2 Rfd8 28. Re1 Qc3 29. Bxc6 Rxc6 30. Qf3 Rh6+ 31. Kg1 d3 32. Nxd3 Rg6 33. g4 Rf6 34. g3 Ng5 35. Qg2 Rxd3 36. fxg5 Rf8 37. Rac1 Qd4+ 38. Kh1 Qxg4 39. Rc7 Rxg3 40. Rxg7+ Kxg7 41. Re7+ Rf7 42. Qb2+ Kg6 43. Qc2+ Qf5 44. Re6+ Kg7 45. Qb2+ Kg8 46. Re8+ Rf8 47. Rxf8+ Kxf8 0-1

[Event "Swidnica op-A"]
[Site "Swidnica"]
[Date "2000.??.??"]
[Round "4"]
[White "Poluljahov, Aleksandr"]
[Black "Kislov, Mikhail"]
[Result "1-0"]
[WhiteElo "2525"]
[BlackElo "2370"]
[PlyCount "57"]
[EventDate "2000.07.??"]
[EventType "swiss"]
[EventRounds "10"]
[EventCountry "POL"]
[SourceTitle "EXT 2003"]
[Source "ChessBase"]
[SourceDate "2002.11.25"]
[SourceVersion "1"]
[SourceVersionDate "2002.11.25"]
[SourceQuality "1"]

1. c4 Nf6 2. Nc3 e5 3. Nf3 Nc6 4. a3 a5 5. e3 d6 6. d4 Be7 7. h3 0-0 8. Bd3 Ne8 9. d5 Nb8 10. e4 Na6 11. b4 f5 12. exf5 Bxf5 13. Bxf5 Rxf5 14. Rb1 axb4 15. axb4 c5 16. dxc6 bxc6 17. 0-0 d5 18. b5 Nb4 19. cxd5 Nxd5 20. Nxd5 cxd5 21. g4 Rf8 22. Nxe5 Bc5 23. Bb2 Nc7 24. Nc6 Qh4 25. Bd4 Bxd4 26. Nxd4 Ra2 27. Nf5 Qd8 28. b6 Ne6 29. b7 1-0